000 02198nam a2200229Ia 4500
003 Ost
005 20260507074844.0
008 260507s9999||||xx |||||||||||||| ||und||
020 _a62248499319
040 _cfsecg
041 _aara
082 _a300
100 _aكافي، مصطفى يوسف
_eمؤلف
245 0 _aالتنمية السياحية /
_c مصطفى يوسف كافي
260 _aقسنطينة:
_bألفا للوثائق,
_c2017
300 _a238 صفحة؛
_c24 سم
504 _aبيبليوغرافيا ص. 235
520 _aفي هذا الكتاب الفصل الاول : مفهوم التنمية السياحية الفصل الثاني : أشكال ومراحل إعداد خطة التنمية السياحية الفصل الثالث : دواعي الاخذ بالتنمية السياحية كأحد محددات الاقتصاد الفصل الرابع التنمية السياحية الفصل الخامس أهمية دور منظمة السياحة في تفعيل النشاط السياحي الفصل السادس التنمية السياحية وعلاقتها بالتنمية السياسية والاجتماعية الفصل السابع أتر متغيرات الاقتصادية على صناعة السياحة الفصل الثامن : التسهيلات السياحية الفصل التاسع : معوقات التنمية السياحية الفصل العاشر المنظمات السياحية الفصل الحادي عشر : السياحة والمنظمات العالمية الجات الفصل الثاني عشر التنمية السياحية المستدامة الفصل الثالث عشر : التأثيرات الناحجمة عن السياحة والفرص التي تقدمها الفصل الرابع عشر أمثلة تجارب على التنمية السياحية البيءية الفصل الخامس عشر السياحة في الوطن العربي الفصل السادس عشر الافاق المستقبلية لتطوير الصناعة السياحية في الوطن العربي
653 _aالتنمية
653 _aالسياحة
942 _cكتاب
999 _c41531
_d41531